00748cam a22002297a 4500003000500000005001700005008004100022010001000063011001000073035001100083040000900094100002700103245009900130260004300229300001000272502010300282650002200385650003600407650003700443650002500480650001300505CHAP20250926062751.0050119d2004 mx r 00110 spa d a89333 a90305 a100861 cCHAP00aBernal Flores, Alvaro.10aAnálisis de crecimiento de pastos nativos, en un bosque de encinoc/por Alvaro Bernal Flores aMontecillo, Méx. :bEl autor,c2004. a84 h. aTesis (M. C.) - - C. P. Instituto de Recursos Genéticos y Productividad. Programa de Ganadería14aAgroforestería.14aPastos forrajerosxCrecimiento.17aPastos forrajerosxRendimiento214aPastosxCrecimiento.14aQuercus.